| 000 | 01109nam a2200265Ia 4500 | ||
|---|---|---|---|
| 003 | OSt | ||
| 005 | 20221005104719.0 | ||
| 006 | a|||||r|||| 00| 0 | ||
| 007 | ta | ||
| 008 | 221004b |||||||| |||| 00| 0 hin d | ||
| 020 | _a9789380172484 (hbk) | ||
| 024 | _a27419 | ||
| 037 |
_bGift, 26/07/2016, _cTextual |
||
| 040 |
_aCRL _cCRL _bhin |
||
| 041 |
_2hin _ahin |
||
| 082 | _aV1.N, 152Q1 | ||
| 100 | _aदेशपाण्डे, अनिरूद्ध | ||
| 245 | 0 | _aबीसवीं शताब्दी में विश्व इतिहास के प्रमुख मुद्दे | |
| 246 | _aBīsavīan shatābdī mean vishva itihās ke pramukh mudde | ||
| 260 |
_aदिल्ली _bविश्वविद्यालय हिंदी माध्यम कार्यान्वय निदेशालय भारत _c2011 |
||
| 300 |
_a197पृ0 _ccm. |
||
| 650 | _aविश्व-इतिहास | ||
| 942 |
_hV1.N, 152Q1 _cTEXL _2cc |
||
| 999 |
_c1013568 _d1013568 |
||